000 00633nam 2200169 4500
001 5976
090 _a5976
100 _a20190729k u||y0frey50 ba
101 _aspa
200 _aNiños desaparecidos en la Argentina desde 1976
_bBrochure
_eidentitad, Familia, Libertad
_fAbuelas de Plaza de Mayo
210 _aMontevideo
_cAbuelas de Plaza de Mayo
_d1987 Agosto
215 _a129 p.
_cportr.
_d20 cm
606 _96821
_aArgentine 1976-1983 : Dictature militaire Processus de réorganisation nationale
606 _91411
_aDroits de l'homme
607 _91862
_aArgentine
710 _96820
_aGrands-mères de la place de Mai
801 _aCH
_bCH-002049-8